000 00557cam a22002052a 4500
001 021636
003 AR-FADEU
008 311216n1974####xxu####################dd
092 _a306.4
_bF385t
_eJLS
100 _aFerrer, Aldo
245 _aTecnología y política económica en América Latina
260 _aBuenos Aires
260 _bPaidós
260 _c1974
300 _a132 p
440 _aBiblioteca de economía, política, sociedad, menor
_n19
500 _aIncluye bibliografía
650 _aTECNOLOGIA-SOCIOLOGIA/JLS/
942 _cJLS
999 _c27344
_d27344